Statistics for NFL - Last 1,200 Yard Receiver by Team

Click here to take the quiz!

General Stats

  • This quiz has been taken 1,985 times
    (346 since last reset)
  • The average score is 25 of 32

Answer Stats

TeamYearYardsPlayer% Correct
Dolphins20231799Tyreek Hill
100%
Eagles20231456A. J. Brown
99%
Lions20231515Amon-Ra St. Brown
99%
Cowboys20231749CeeDee Lamb
99%
Buccaneers20231255Mike Evans
97%
Bengals20231216Ja'Marr Chase
96%
Vikings20221809Justin Jefferson
96%
Rams20231486Puka Nacua
96%
Bills20221429Stefon Diggs
96%
Browns20231250Amari Cooper
95%
Raiders20221516Davante Adams
95%
Packers20211553Davante Adams
95%
Bears20231364D.J. Moore
94%
Chargers20231243Keenan Allen
94%
49ers20231342Brandon Aiyuk
91%
Broncos20151304Demaryius Thomas
87%
Saints20191725Michael Thomas
87%
Chiefs20221338Travis Kelce
87%
Seahawks20201303D. K. Metcalf
86%
Cardinals20201407DeAndre Hopkins
84%
Texans20231297Nico Collins
83%
Giants20161367Odell Beckham, Jr.
82%
Steelers20181426JuJu Smith-Schuster
78%
Panthers20111394Steve Smith
74%
Ravens20211361Mark Andrews
64%
Colts20181270T. Y. Hilton
62%
Falcons20201374Calvin Ridley
60%
Patriots20121354Wes Welker
52%
Jets20151502Brandon Marshall
51%
Jaguars20151400Allen Robinson
37%
Washington20131346Pierre Garcon
24%
Titans20041257Drew Bennett
2%

Score Distribution

Percentile by Number Answered

Percent of People with Each Score

Your Score History

You have not taken this quiz since the last reset